000 00437nam a2200181Ia 4500
001 2660
005 20260306144823.0
008 260306t1955||||xx |||||||||||||| ||spa||
041 _aESP
082 _a201
_bK53
100 _aKierkegaard, Soren
_eAUT
245 0 _aFear and trembling and the sickness unto death
260 _c1955
300 _a278 páginas :
_c18 cm.
650 _aGEN
654 _aCHU
942 _cLIB
_dJUS
_fJUS
_2ddc
_n
999 _c2660
_d2660